Missing Word: Two Word Car Models Quiz Stats

 Plays Quiz Updated Apr 22, 2019

Score 0/10 Timer 03:00
0 Plays Today
Model Word % Correct
Trans ______Am
83.7%
______ CherokeeGrand
82.8%
______ RoverRange
79.9%
______ VictoriaCrown
69%
Santa ______Fe
63%
Land ______Cruiser
61.3%
______ RunnerRoad
58.5%
______ AvenuePark
46.4%
______ CloudSilver
40.8%
Grand ______Caravan
30.5%

Today's Daily Dose

Missing Word
Sherlocks

Word Ladder
King of the Hill

Quick Pick
Songs in Pink

Get the Picture
NBA Teammates

You're not logged in!

Compare scores with friends on all Sporcle quizzes.
OR
Log In

Sporcle TV

Today on Sporcle TV


Watch our educational content, quiz creation guides, and fun videos on Sporcle TV.

Show Comments

Extras

Top Quizzes Today


Score Distribution

Your Account Isn't Verified!

In order to create a playlist on Sporcle, you need to verify the email address you used during registration. Go to your Sporcle Settings to finish the process.

Report this User

Report this user for behavior that violates our Community Guidelines.

Details: